Nehmotná hodnota značky a jej význam pre pozíciu firmy WURTH vo vnímaní zákazníkom diplomová práca

Enregistré dans:
Détails bibliographiques
Auteur principal: Vašková, Zuzana
Collectivité auteur: Obchodná fakulta EU. Katedra marketingu
Autres auteurs: Orgonáš, Jozef, 1957-
Format: Livre
Langue:slovaque
Publié: Bratislava 2013
Tags: Ajouter un tag
Pas de tags, Soyez le premier à ajouter un tag!

MARC

LEADER 00000nbm a2200000 4500
001 0169613
005 20161109102315.5
041 0 |a slo 
044 |a SK 
245 1 0 |a Nehmotná hodnota značky a jej význam pre pozíciu firmy WURTH vo vnímaní zákazníkom  |b diplomová práca  |c Zuzana Vašková ; školiteľ: Júlia Lipianska 
264 1 |a Bratislava  |c 2013 
300 |a 60 s. 
100 1 |a Vašková, Zuzana 
700 1 |a Orgonáš, Jozef, 1957- 
710 2 |a Obchodná fakulta EU. Katedra marketingu